[Event "Summer op"]
[Site "Toronto CAN"]
[Date "2000.08.17"]
[Round "3"]
[White "Bluvshtein, Mark"]
[Black "Mulyar, Michael"]
[Result "0-1"]
[WhiteElo "2270"]
[BlackElo "2445"]
[PlyCount "78"]
[GameId "2160767911652746"]
[EventDate "2000.08.16"]
[EventType "swiss"]
[EventRounds "9"]
[EventCountry "CAN"]
[SourceTitle "EXT 2001"]
[Source "ChessBase"]
[SourceDate "2000.11.22"]
[SourceVersion "1"]
[SourceVersionDate "2000.11.22"]
[SourceQuality "1"]

1. e4 Nf6 2. e5 Nd5 3. d4 d6 4. c4 Nb6 5. exd6 cxd6 6. Nc3 g6 7. Be3 Bg7 8. h3 O-O 9. Nf3 Nc6 10. Rc1 e6 11. Be2 Bd7 12. O-O d5 13. c5 Nc8 14. Bb5 N8e7 15. a3 Nf5 16. b4 Qe7 17. Bg5 Qe8 18. Bxc6 bxc6 19. Bf4 Qd8 20. Qc2 f6 21. Rfe1 g5 22. Bh2 h5 23. g4 hxg4 24. hxg4 Nh6 25. Bd6 Re8 26. Nh2 Nf7 27. Ne2 Nxd6 28. cxd6 Qb8 29. f4 Qxd6 30. fxg5 e5 31. gxf6 Qxf6 32. dxe5 Rxe5 33. Ng3 Qg6 34. Rxe5 Bxe5 35. Ngf1 Rf8 36. b5 Bf4 37. Ne3 Qe4 38. Nhf1 d4 39. bxc6 Bxc6 0-1

[Event "Summer op"]
[Site "Toronto CAN"]
[Date "2000.08.17"]
[Round "3"]
[White "Mikanovic, Goran"]
[Black "Kogan, Artur"]
[Result "0-1"]
[WhiteElo "2308"]
[BlackElo "2504"]
[PlyCount "86"]
[GameId "2160767911652751"]
[EventDate "2000.08.16"]
[EventType "swiss"]
[EventRounds "9"]
[EventCountry "CAN"]
[SourceTitle "EXT 2001"]
[Source "ChessBase"]
[SourceDate "2000.11.22"]
[SourceVersion "1"]
[SourceVersionDate "2000.11.22"]
[SourceQuality "1"]

1. d4 Nf6 2. c4 c5 3. d5 b5 4. cxb5 a6 5. b6 d6 6. Nc3 Nbd7 7. a4 Qxb6 8. a5 Qb4 9. Ra4 Qb8 10. Nf3 g6 11. e4 Bg7 12. Be2 O-O 13. O-O Ne8 14. Ra2 Nc7 15. Bg5 Re8 16. Qc2 Ra7 17. Rd1 Nb5 18. Be3 Nf6 19. h3 e6 20. Na4 exd5 21. exd5 Bf5 22. Qc1 Be4 23. Nb6 Nc7 24. Bc4 Bxf3 25. gxf3 Nb5 26. Bxb5 axb5 27. b4 c4 28. Bd4 Nh5 29. Qc3 Qd8 30. Bxg7 Nxg7 31. Qd4 Nf5 32. Qf4 Qf6 33. Rc2 Rae7 34. Kf1 Re3 35. Nd7 Qe7 36. fxe3 Nxe3+ 37. Qxe3 Qxe3 38. Nf6+ Kf8 39. Nxe8 Qxf3+ 40. Ke1 Kxe8 41. Rcd2 Qxh3 42. Kf2 Qh2+ 43. Ke1 Qg3+ 0-1

[Event "Summer op"]
[Site "Toronto CAN"]
[Date "2000.08.17"]
[Round "3"]
[White "Morrell, Gordon"]
[Black "Teodoro, Eduardo"]
[Result "1/2-1/2"]
[WhiteElo "2137"]
[BlackElo "2395"]
[PlyCount "89"]
[GameId "2160767911652752"]
[EventDate "2000.08.16"]
[EventType "swiss"]
[EventRounds "9"]
[EventCountry "CAN"]
[SourceTitle "EXT 2001"]
[Source "ChessBase"]
[SourceDate "2000.11.22"]
[SourceVersion "1"]
[SourceVersionDate "2000.11.22"]
[SourceQuality "1"]

1. Nf3 Nf6 2. c4 c5 3. Nc3 Nc6 4. e3 d5 5. cxd5 Nxd5 6. Qc2 e6 7. a3 Be7 8. Be2 O-O 9. O-O b6 10. Rd1 Bb7 11. h3 a6 12. b3 Rc8 13. Bb2 Bf6 14. Ne4 Bxb2 15. Qxb2 h6 16. Rab1 Qe7 17. d3 Rfd8 18. Rbc1 e5 19. Qc2 g6 20. Bf1 Kh7 21. Nc3 Nxc3 22. Qxc3 f6 23. Nd2 Qe6 24. Qc4 Qe7 25. Qc3 Qe6 26. Qc4 Qe7 27. Qh4 Qe6 28. Qc4 Re8 29. Qxe6 Rxe6 30. Be2 Ne7 31. Nc4 Rd8 32. Bg4 f5 33. Be2 g5 34. b4 cxb4 35. axb4 Bd5 36. Ra1 b5 37. Na5 Rc8 38. Rdc1 Rd8 39. Rc7 Kg6 40. Rac1 Ng8 41. Ra7 Nf6 42. Rcc7 Ne8 43. Rc5 Nf6 44. Rcc7 Ne8 45. Rc5 1/2-1/2

[Event "Summer op"]
[Site "Toronto CAN"]
[Date "2000.08.17"]
[Round "3"]
[White "Peredun, Andrew"]
[Black "Southam, David"]
[Result "1/2-1/2"]
[WhiteElo "2306"]
[BlackElo "2115"]
[PlyCount "97"]
[GameId "2160767911652754"]
[EventDate "2000.08.16"]
[EventType "swiss"]
[EventRounds "9"]
[EventCountry "CAN"]
[SourceTitle "EXT 2001"]
[Source "ChessBase"]
[SourceDate "2000.11.22"]
[SourceVersion "1"]
[SourceVersionDate "2000.11.22"]
[SourceQuality "1"]

1. e4 c5 2. Nc3 Nc6 3. f4 g6 4. Nf3 Bg7 5. Bc4 e6 6. d3 Nge7 7. O-O d5 8. Bb3 O-O 9. Qe1 Nd4 10. Qh4 c4 11. dxc4 dxc4 12. Bxc4 Nxc2 13. Rb1 Nc6 14. Qf2 N2d4 15. Be3 Nxf3+ 16. Qxf3 Bd4 17. Rbd1 Bxe3+ 18. Qxe3 Qe7 19. e5 Bd7 20. Ne4 Kg7 21. Nf6 Rad8 22. Be2 Bc8 23. Bf3 Qb4 24. Bxc6 bxc6 25. Qc3 Qxc3 26. bxc3 Ba6 27. Rfe1 Bc4 28. a3 Bb3 29. Rb1 Bd5 30. Rb7 Rb8 31. Reb1 Rxb7 32. Rxb7 g5 33. fxg5 Kg6 34. Rxa7 Rb8 35. Nxd5 cxd5 36. h4 Rb3 37. h5+ Kxg5 38. Rxf7 Kxh5 39. Rxh7+ Kg6 40. Ra7 Rxc3 41. Kh2 Kf5 42. Rf7+ Kxe5 43. Rf3 Rxf3 44. gxf3 Kd4 45. a4 Kc4 46. Kg3 Kb4 47. Kf4 Kxa4 48. Ke5 Kb5 49. f4 1/2-1/2

[Event "Summer op"]
[Site "Toronto CAN"]
[Date "2000.08.17"]
[Round "3"]
[White "Schmidt, Tom"]
[Black "Filipovich, David"]
[Result "0-1"]
[WhiteElo "2238"]
[BlackElo "2230"]
[PlyCount "56"]
[GameId "2160767911652755"]
[EventDate "2000.08.16"]
[EventType "swiss"]
[EventRounds "9"]
[EventCountry "CAN"]
[SourceTitle "EXT 2001"]
[Source "ChessBase"]
[SourceDate "2000.11.22"]
[SourceVersion "1"]
[SourceVersionDate "2000.11.22"]
[SourceQuality "1"]

1. e4 c6 2. d4 d5 3. Nd2 dxe4 4. Nxe4 Nf6 5. Nxf6+ gxf6 6. Ne2 Bf5 7. Ng3 Bg6 8. h4 h5 9. Be2 Nd7 10. c3 Qa5 11. O-O O-O-O 12. b4 Qc7 13. Be3 e5 14. b5 c5 15. Qb3 f5 16. f4 e4 17. Nh1 Nb6 18. dxc5 Bxc5 19. c4 Rd3 20. Bxd3 Bxe3+ 21. Nf2 exd3 22. Qxd3 Qxf4 23. c5 Rd8 24. Qb3 Rd2 25. cxb6 Bxf2+ 26. Kh1 Qxh4+ 27. Qh3 Qxh3+ 28. gxh3 axb6 0-1

[Event "Summer op"]
[Site "Toronto CAN"]
[Date "2000.08.18"]
[Round "4"]
[White "Bhat, Vinay"]
[Black "Fernandez, Daniel"]
[Result "1-0"]
[WhiteElo "2396"]
[BlackElo "2212"]
[PlyCount "111"]
[GameId "2160767911652758"]
[EventDate "2000.08.16"]
[EventType "swiss"]
[EventRounds "9"]
[EventCountry "CAN"]
[SourceTitle "EXT 2001"]
[Source "ChessBase"]
[SourceDate "2000.11.22"]
[SourceVersion "1"]
[SourceVersionDate "2000.11.22"]
[SourceQuality "1"]

1. e4 c6 2. d4 Na6 3. c3 Nc7 4. Bd3 g6 5. f4 Bg7 6. Ne2 d6 7. O-O Nf6 8. Nd2 O-O 9. Nf3 d5 10. e5 Ne4 11. Bxe4 dxe4 12. Ng5 f5 13. exf6 exf6 14. Nxe4 Re8 15. N2g3 Nd5 16. Qd3 Qe7 17. Bd2 f5 18. Ng5 Qd6 19. Rae1 Rxe1 20. Rxe1 Bd7 21. Nf3 Re8 22. Ne5 Be6 23. b3 Nf6 24. c4 Bh6 25. Be3 Qc7 26. Re2 Qd6 27. Nh1 Ng4 28. Nxg4 fxg4 29. Ng3 Bxf4 30. Ne4 Bxe3+ 31. Qxe3 Qd8 32. d5 cxd5 33. cxd5 Bf7 34. Qd4 Re7 35. Nf6+ Kf8 36. Nxh7+ Kg8 37. Nf6+ Kf8 38. Qb4 Qb6+ 39. Qxb6 axb6 40. Rd2 Rc7 41. d6 Rc8 42. Nd7+ Ke8 43. Nxb6 Rc6 44. Na4 Kd7 45. Kf2 b5 46. Nb2 Rxd6 47. Rxd6+ Kxd6 48. Nd3 Bd5 49. g3 Be4 50. Ke3 Kd5 51. Nb4+ Ke5 52. a4 bxa4 53. bxa4 Ba8 54. Nd3+ Ke6 55. Kf4 Bf3 56. Nf2 1-0

[Event "Summer op"]
[Site "Toronto CAN"]
[Date "2000.08.18"]
[Round "4"]
[White "Dougherty, Michael"]
[Black "Tyomkin, Dimitri"]
[Result "1/2-1/2"]
[WhiteElo "2226"]
[BlackElo "2522"]
[PlyCount "31"]
[GameId "2160767911652759"]
[EventDate "2000.08.16"]
[EventType "swiss"]
[EventRounds "9"]
[EventCountry "CAN"]
[SourceTitle "EXT 2001"]
[Source "ChessBase"]
[SourceDate "2000.11.22"]
[SourceVersion "1"]
[SourceVersionDate "2000.11.22"]
[SourceQuality "1"]

1. e4 c5 2. Nf3 d6 3. d4 cxd4 4. Nxd4 Nf6 5. Nc3 Nc6 6. Bc4 Qb6 7. Nxc6 bxc6 8. O-O g6 9. e5 dxe5 10. Qe2 Bg7 11. Qxe5 O-O 12. Qxe7 Bf5 13. Bb3 Rae8 14. Qd6 Ng4 15. Bf4 Bxc3 16. bxc3 1/2-1/2

[Event "Summer op"]
[Site "Toronto CAN"]
[Date "2000.08.18"]
[Round "4"]
[White "Gurevich, Artjom"]
[Black "Reddy, Tyler"]
[Result "1/2-1/2"]
[WhiteElo "2165"]
[BlackElo "2012"]
[PlyCount "84"]
[GameId "2160767911652761"]
[EventDate "2000.08.16"]
[EventType "swiss"]
[EventRounds "9"]
[EventCountry "CAN"]
[SourceTitle "EXT 2001"]
[Source "ChessBase"]
[SourceDate "2000.11.22"]
[SourceVersion "1"]
[SourceVersionDate "2000.11.22"]
[SourceQuality "1"]

1. d4 d5 2. c4 dxc4 3. Nf3 a6 4. a4 Nc6 5. e3 Bg4 6. Bxc4 e6 7. O-O Nf6 8. Nbd2 Bd6 9. Be2 Qe7 10. Nc4 O-O 11. a5 Rfe8 12. Nxd6 Qxd6 13. b3 Rad8 14. Ra4 Nd5 15. Qc2 Bxf3 16. Bxf3 e5 17. Ba3 Qe6 18. dxe5 Nxe5 19. Be2 Nc6 20. Bc5 b6 21. axb6 cxb6 22. e4 Nf4 23. Bxb6 Qg6 24. g3 Rc8 25. Rc4 Nxe2+ 26. Qxe2 Rb8 27. Bc7 Rb7 28. Bf4 Na5 29. Ra4 Nxb3 30. Rxa6 Nd4 31. Qd3 Rb3 32. Rxg6 Rxd3 33. Ra6 h6 34. e5 Nf3+ 35. Kg2 g5 36. Be3 Nxe5 37. Rxh6 Ng4 38. Rh5 f6 39. h4 Nxe3+ 40. fxe3 Rexe3 41. Rxf6 Rxg3+ 42. Kf2 g4 1/2-1/2

[Event "Summer op"]
[Site "Toronto CAN"]
[Date "2000.08.18"]
[Round "4"]
[White "Kogan, Artur"]
[Black "Stripunsky, Alexander"]
[Result "1-0"]
[WhiteElo "2504"]
[BlackElo "2469"]
[PlyCount "55"]
[GameId "2160767911652762"]
[EventDate "2000.08.16"]
[EventType "swiss"]
[EventRounds "9"]
[EventCountry "CAN"]
[SourceTitle "EXT 2001"]
[Source "ChessBase"]
[SourceDate "2000.11.22"]
[SourceVersion "1"]
[SourceVersionDate "2000.11.22"]
[SourceQuality "1"]

1. d4 d5 2. Nf3 c6 3. c4 Nf6 4. Nc3 e6 5. Bg5 h6 6. Bh4 dxc4 7. e4 g5 8. Bg3 b5 9. e5 Nd5 10. Nd2 h5 11. h4 g4 12. a4 Bb7 13. Be2 Nxc3 14. bxc3 c5 15. axb5 Bxg2 16. Rg1 Bd5 17. Nxc4 Bxc4 18. Bxc4 Nd7 19. Bf1 cxd4 20. Bg2 dxc3 21. Bc6 Qc7 22. Qd4 c2 23. Ke2 Bg7 24. Bxa8 O-O 25. Rxa7 c1=Q 26. Rxc1 Qxc1 27. Qxd7 Bh6 28. Be4 1-0

[Event "Summer op"]
[Site "Toronto CAN"]
[Date "2000.08.18"]
[Round "4"]
[White "Mikanovic, Goran"]
[Black "Morrell, Gordon"]
[Result "0-1"]
[WhiteElo "2308"]
[BlackElo "2137"]
[PlyCount "52"]
[GameId "2160767911652764"]
[EventDate "2000.08.16"]
[EventType "swiss"]
[EventRounds "9"]
[EventCountry "CAN"]
[SourceTitle "EXT 2001"]
[Source "ChessBase"]
[SourceDate "2000.11.22"]
[SourceVersion "1"]
[SourceVersionDate "2000.11.22"]
[SourceQuality "1"]

1. d4 Nf6 2. c4 d6 3. Nf3 g6 4. Nc3 Bg7 5. e4 O-O 6. Be2 Bg4 7. Be3 Nfd7 8. Ng1 Bxe2 9. Ngxe2 c5 10. O-O cxd4 11. Nxd4 Nc6 12. b3 Re8 13. Rc1 Qa5 14. Qd2 Nc5 15. f3 Rac8 16. Rfd1 b6 17. Nxc6 Rxc6 18. Rc2 Be5 19. Rb1 Bxc3 20. Rxc3 Ne6 21. Rd3 Qxd2 22. Rxd2 Rec8 23. Kf2 f5 24. exf5 gxf5 25. g3 Kf8 26. Rg1 Kf7 0-1

[Event "Summer op"]
[Site "Toronto CAN"]
[Date "2000.08.18"]
[Round "4"]
[White "Milicevic, Goran"]
[Black "Gordon, David"]
[Result "1-0"]
[WhiteElo "2367"]
[BlackElo "2225"]
[PlyCount "67"]
[GameId "2160767911652765"]
[EventDate "2000.08.16"]
[EventType "swiss"]
[EventRounds "9"]
[EventCountry "CAN"]
[SourceTitle "EXT 2001"]
[Source "ChessBase"]
[SourceDate "2000.11.22"]
[SourceVersion "1"]
[SourceVersionDate "2000.11.22"]
[SourceQuality "1"]

1. d4 Nf6 2. Nf3 b6 3. Bf4 Bb7 4. e3 g6 5. Be2 Bg7 6. Nbd2 O-O 7. Nf1 c5 8. h4 h5 9. Ng3 d6 10. O-O Nbd7 11. c4 Nh7 12. Qc2 e5 13. Bg5 f6 14. Bh6 Qe8 15. Bxg7 Kxg7 16. d5 f5 17. Ng5 Nxg5 18. hxg5 Qe7 19. f4 exf4 20. exf4 Qe3+ 21. Kh2 h4 22. Nh1 Rae8 23. Rae1 b5 24. Rf3 Qe4 25. Qb3 a6 26. Nf2 Qe7 27. Qc3+ Kf7 28. b3 Qd8 29. Rh3 Rh8 30. cxb5 Bxd5 31. Rd3 Qa8 32. Rxd5 Rxe2 33. Rxe2 Qxd5 34. Qxh8 1-0

[Event "Summer op"]
[Site "Toronto CAN"]
[Date "2000.08.18"]
[Round "4"]
[White "Schmidt, Tom"]
[Black "Khassanov, Marat"]
[Result "0-1"]
[WhiteElo "2238"]
[BlackElo "2338"]
[PlyCount "116"]
[GameId "2160767911652767"]
[EventDate "2000.08.16"]
[EventType "swiss"]
[EventRounds "9"]
[EventCountry "CAN"]
[SourceTitle "EXT 2001"]
[Source "ChessBase"]
[SourceDate "2000.11.22"]
[SourceVersion "1"]
[SourceVersionDate "2000.11.22"]
[SourceQuality "1"]

1. e4 e5 2. Nf3 Nc6 3. Bb5 Nf6 4. O-O Nxe4 5. d4 Nd6 6. Bxc6 dxc6 7. dxe5 Nf5 8. Qxd8+ Kxd8 9. Bg5+ Ke8 10. Nc3 h6 11. Bd2 Be6 12. Rad1 Rd8 13. h3 Bc5 14. Ne4 Bb6 15. b3 Nd4 16. Nxd4 Rxd4 17. Ng3 Ke7 18. Bc3 Rxd1 19. Rxd1 a5 20. a4 Rd8 21. Rxd8 Kxd8 22. Bb2 Bc5 23. Kf1 b5 24. Ne4 Be7 25. Ke2 c5 26. axb5 c4 27. Nd2 cxb3 28. cxb3 Bd7 29. Nc4 Bxb5 30. Kd3 g6 31. Bc3 a4 32. bxa4 Bxa4 33. Kd4 Kd7 34. Bd2 h5 35. f4 h4 36. Be1 Ke6 37. Ne3 Bc6 38. g3 hxg3 39. Bxg3 Bf3 40. Be1 Ba3 41. Bd2 Be2 42. Nc2 Be7 43. Ne3 Bf3 44. Be1 c6 45. Ba5 Bh4 46. Bd2 Bg3 47. Nf1 Bf2+ 48. Be3 Bh4 49. Nd2 Bg2 50. Ne4 Bxe4 51. Kxe4 Be7 52. Bd4 Bb4 53. Be3 c5 54. Bc1 Be1 55. Be3 c4 56. h4 Bxh4 57. Kd4 Kf5 58. Kxc4 Bg3 0-1

[Event "Summer op"]
[Site "Toronto CAN"]
[Date "2000.08.18"]
[Round "4"]
[White "Southam, David"]
[Black "Wenaas, Eric"]
[Result "0-1"]
[WhiteElo "2115"]
[BlackElo "2182"]
[PlyCount "66"]
[GameId "2160767911652768"]
[EventDate "2000.08.16"]
[EventType "swiss"]
[EventRounds "9"]
[EventCountry "CAN"]
[SourceTitle "EXT 2001"]
[Source "ChessBase"]
[SourceDate "2000.11.22"]
[SourceVersion "1"]
[SourceVersionDate "2000.11.22"]
[SourceQuality "1"]

1. d4 d5 2. c4 e6 3. Nc3 Nf6 4. Bg5 Nbd7 5. cxd5 exd5 6. Qc2 c6 7. e3 Be7 8. Bd3 O-O 9. Nf3 Re8 10. O-O Nf8 11. Rae1 Be6 12. Ne5 N6d7 13. Bxe7 Qxe7 14. Nxd7 Qxd7 15. b4 Qd6 16. b5 c5 17. dxc5 Qxc5 18. Ne2 Qxc2 19. Bxc2 d4 20. Nc1 Bc4 21. Bd3 Bxd3 22. Nxd3 dxe3 23. Rxe3 Rxe3 24. fxe3 Rd8 25. Nb4 Ne6 26. Rc1 Kf8 27. Rc3 Ke7 28. Ra3 Rd1+ 29. Kf2 Rb1 30. Nd3 Rxb5 31. Rxa7 Kd6 32. Ra4 Rd5 33. Ke2 Rxd3 0-1

[Event "Summer op"]
[Site "Toronto CAN"]
[Date "2000.08.18"]
[Round "4"]
[White "St Amand, Paul Jr"]
[Black "Peredun, Andrew"]
[Result "1/2-1/2"]
[WhiteElo "2214"]
[BlackElo "2306"]
[PlyCount "71"]
[GameId "2160767911652770"]
[EventDate "2000.08.16"]
[EventType "swiss"]
[EventRounds "9"]
[EventCountry "CAN"]
[SourceTitle "EXT 2001"]
[Source "ChessBase"]
[SourceDate "2000.11.22"]
[SourceVersion "1"]
[SourceVersionDate "2000.11.22"]
[SourceQuality "1"]

1. e4 c5 2. c3 g6 3. d4 cxd4 4. cxd4 d5 5. e5 Nc6 6. Nc3 Bg7 7. Be2 Nh6 8. h3 O-O 9. Nf3 f6 10. exf6 exf6 11. O-O Be6 12. Bf4 Nf5 13. Qd2 h5 14. h4 Qd7 15. Rfe1 Bf7 16. Bf1 Rfe8 17. Rad1 Bf8 18. a3 Kh7 19. Bb5 Nd6 20. Bd3 Rad8 21. Rxe8 Rxe8 22. Re1 Nc4 23. Bxc4 Rxe1+ 24. Qxe1 dxc4 25. Qe4 Ne7 26. Nd2 Nd5 27. Bb8 a6 28. Qf3 Nxc3 29. Qxc3 b5 30. Ne4 Be7 31. Bg3 Bd5 32. Qe3 Qe6 33. Nc5 Qxe3 34. fxe3 Bxc5 35. dxc5 Kg7 36. Bd6 1/2-1/2

[Event "Summer op"]
[Site "Toronto CAN"]
[Date "2000.08.18"]
[Round "5"]
[White "Dougherty, Michael"]
[Black "Teodoro, Eduardo"]
[Result "1/2-1/2"]
[WhiteElo "2226"]
[BlackElo "2395"]
[PlyCount "80"]
[GameId "2160767911652772"]
[EventDate "2000.08.16"]
[EventType "swiss"]
[EventRounds "9"]
[EventCountry "CAN"]
[SourceTitle "EXT 2001"]
[Source "ChessBase"]
[SourceDate "2000.11.22"]
[SourceVersion "1"]
[SourceVersionDate "2000.11.22"]
[SourceQuality "1"]

1. e4 c5 2. Nf3 b6 3. d4 cxd4 4. Nxd4 Bb7 5. Nc3 e6 6. g3 a6 7. Bg2 Qc7 8. O-O Nc6 9. Bf4 e5 10. Nd5 Qd8 11. Nf5 exf4 12. Qg4 f3 13. Bh3 Ne5 14. Nxg7+ Bxg7 15. Qxg7 Ng6 16. Rfe1 Qg5 17. Bxd7+ Kxd7 18. Qxf7+ N8e7 19. Rad1 Raf8 20. Nxe7+ Kc7 21. Nd5+ Kb8 22. Qc7+ Ka7 23. Qxb6+ Kb8 24. Qc7+ Ka7 25. Rd3 Qe5 26. Rb3 Qxc7 27. Nxc7 Rc8 28. Ne6 Ne7 29. Nd4 Rhf8 30. c3 Rf6 31. h3 h5 32. Re3 h4 33. g4 Rd8 34. Rb4 Rf4 35. Nf5 Rd1+ 36. Kh2 Rd2 37. Nxh4 Rxf2+ 38. Kg3 Rd2 39. Nxf3 Rxf3+ 40. Kxf3 a5 1/2-1/2

[Event "Summer op"]
[Site "Toronto CAN"]
[Date "2000.08.18"]
[Round "5"]
[White "Fernandez, Daniel"]
[Black "Mikanovic, Goran"]
[Result "0-1"]
[WhiteElo "2212"]
[BlackElo "2308"]
[PlyCount "101"]
[GameId "2160767911652774"]
[EventDate "2000.08.16"]
[EventType "swiss"]
[EventRounds "9"]
[EventCountry "CAN"]
[SourceTitle "EXT 2001"]
[Source "ChessBase"]
[SourceDate "2000.11.22"]
[SourceVersion "1"]
[SourceVersionDate "2000.11.22"]
[SourceQuality "1"]

1. e4 c5 2. Nf3 e6 3. d3 Nc6 4. g3 d5 5. Nbd2 Bd6 6. Bg2 Nge7 7. O-O O-O 8. Re1 f6 9. exd5 Nxd5 10. c3 Kh8 11. a4 Bd7 12. Nh4 f5 13. Nc4 Be7 14. Nf3 Bf6 15. Nfe5 Qc7 16. f4 Rae8 17. Bd2 Re7 18. h3 Be8 19. Bxd5 exd5 20. Ne3 Nxe5 21. Nxd5 Qd6 22. Nxe7 Nxd3 23. Re3 Nxb2 24. Qe2 Bf7 25. Nxf5 Qd7 26. g4 Bc4 27. Qg2 Bd5 28. Qf2 Bc6 29. Qe2 Qd5 30. Ng3 Bh4 31. Re5 Qd8 32. Kh2 Nd3 33. Rh5 Re8 34. Qf1 Nb2 35. Be1 Bxg3+ 36. Kxg3 Re3+ 37. Kh2 Rf3 38. Qe2 Nd3 39. Bg3 c4 40. Rf1 Rxf1 41. Qxf1 Qb6 42. Qe2 Qb1 43. Be1 Qxe1 44. Qxe1 Nxe1 45. Rc5 Nf3+ 46. Kg3 Nd2 47. Kh4 Kg8 48. f5 h6 49. Kh5 Nf3 50. g5 hxg5 51. Kg4 0-1

[Event "Summer op"]
[Site "Toronto CAN"]
[Date "2000.08.18"]
[Round "5"]
[White "Gushuliak, Justin"]
[Black "Zubac, Marius"]
[Result "1-0"]
[WhiteElo "2185"]
[BlackElo "2304"]
[PlyCount "117"]
[GameId "2160767911652776"]
[EventDate "2000.08.16"]
[EventType "swiss"]
[EventRounds "9"]
[EventCountry "CAN"]
[SourceTitle "EXT 2022"]
[Source "ChessBase"]
[SourceDate "2021.10.06"]
[SourceVersion "1"]
[SourceVersionDate "2021.10.06"]
[SourceQuality "1"]

1. e4 c5 2. c3 e5 3. Nf3 Nc6 4. d4 cxd4 5. cxd4 exd4 6. Nxd4 Nf6 7. Nc3 Bb4 8. Nxc6 bxc6 9. Bd3 O-O 10. O-O Re8 11. Re1 h6 12. Qb3 Rb8 13. a3 Bd6 14. Qc2 Qc7 15. g3 Ng4 16. b4 a5 17. Rb1 axb4 18. axb4 Ne5 19. Be2 Ba6 20. Bxa6 Nf3+ 21. Kf1 Nxe1 22. Kxe1 Bxb4 23. Bd3 Qa5 24. Bd2 d5 25. Kd1 dxe4 26. Nxe4 Bxd2 27. Rxb8 Rxb8 28. Qxd2 Qh5+ 29. Kc2 Qd5 30. Nc3 Qb3+ 31. Kc1 g6 32. Bc2 Qa3+ 33. Kd1 Qa1+ 34. Ke2 Re8+ 35. Kf3 Qh1+ 36. Kf4 Qxh2 37. Ne4 g5+ 38. Kg4 f5+ 39. Kxf5 Qh3+ 40. Kg6 Qe6+ 41. Nf6+ Kh8 42. Qd4 c5 43. Qc3 Rf8 44. Bb3 Qd6 45. Bf7 Qd4 46. Qxd4 cxd4 47. Ne4 d3 48. Bc4 d2 49. Nxd2 Rxf2 50. Ne4 Rh2 51. Nd6 Rc2 52. Kxh6 g4 53. Kg5 Kg7 54. Nf5+ Kf8 55. Bd3 Rc3 56. Be2 Kf7 57. Bxg4 Ke6 58. Bh5 Rc5 59. g4 1-0

[Event "Summer op"]
[Site "Toronto CAN"]
[Date "2000.08.18"]
[Round "5"]
[White "Kret, Ted"]
[Black "Filipovich, David"]
[Result "1/2-1/2"]
[WhiteElo "2112"]
[BlackElo "2230"]
[PlyCount "66"]
[GameId "2160767911652778"]
[EventDate "2000.08.16"]
[EventType "swiss"]
[EventRounds "9"]
[EventCountry "CAN"]
[SourceTitle "EXT 2001"]
[Source "ChessBase"]
[SourceDate "2000.11.22"]
[SourceVersion "1"]
[SourceVersionDate "2000.11.22"]
[SourceQuality "1"]

1. d4 d5 2. c4 c6 3. Nf3 Nf6 4. Nc3 dxc4 5. a4 Bg4 6. Ne5 Bh5 7. Nxc4 Na6 8. f3 Nb4 9. e4 Qxd4 10. Qb3 e6 11. Be3 Qd7 12. Rd1 Qc7 13. Be2 Be7 14. g4 Bg6 15. h4 h5 16. g5 Nd7 17. Rd2 Nc5 18. Qd1 O-O 19. Kf2 Rad8 20. Bd4 Rd7 21. Be5 Rxd2 22. Qxd2 Qd7 23. Rd1 Qxd2 24. Rxd2 Rd8 25. Rxd8+ Bxd8 26. Bd6 b6 27. Bxc5 bxc5 28. Ne5 Bc7 29. Nxg6 fxg6 30. Bc4 Kf7 31. Ne2 Be5 32. b3 Ke7 33. f4 Bb2 1/2-1/2

[Event "Summer op"]
[Site "Toronto CAN"]
[Date "2000.08.18"]
[Round "5"]
[White "Morrell, Gordon"]
[Black "Day, Lawrence"]
[Result "0-1"]
[WhiteElo "2137"]
[BlackElo "2352"]
[PlyCount "80"]
[GameId "2160767911652780"]
[EventDate "2000.08.16"]
[EventType "swiss"]
[EventRounds "9"]
[EventCountry "CAN"]
[SourceTitle "EXT 2001"]
[Source "ChessBase"]
[SourceDate "2000.11.22"]
[SourceVersion "1"]
[SourceVersionDate "2000.11.22"]
[SourceQuality "1"]

1. d4 Nf6 2. c4 d6 3. Nf3 Bf5 4. Nc3 h6 5. e3 Nbd7 6. Bd3 Bg4 7. h3 Bxf3 8. Qxf3 c6 9. O-O g6 10. Rb1 Bg7 11. b4 Qc7 12. Rd1 a6 13. a4 O-O 14. Bb2 Rfc8 15. Rbc1 Ne8 16. g4 e6 17. Kg2 Qd8 18. Ba1 a5 19. b5 d5 20. c5 e5 21. Bc2 Qe7 22. b6 exd4 23. exd4 Nf8 24. Re1 Ne6 25. Ne2 Qf8 26. h4 Bf6 27. Rh1 Qg7 28. Rcd1 Rd8 29. Bc3 Rd7 30. Qd3 Be7 31. g5 hxg5 32. h5 Nf8 33. Qh3 Nf6 34. f3 Nxh5 35. Qg4 Bf6 36. f4 Re7 37. Rd2 Rae8 38. Rf1 Nh7 39. f5 Re3 40. Bxa5 Bd8 0-1

[Event "Summer op"]
[Site "Toronto CAN"]
[Date "2000.08.19"]
[Round "6"]
[White "Day, Lawrence"]
[Black "Kogan, Artur"]
[Result "1-0"]
[WhiteElo "2352"]
[BlackElo "2504"]
[PlyCount "81"]
[GameId "2160767911652782"]
[EventDate "2000.08.16"]
[EventType "swiss"]
[EventRounds "9"]
[EventCountry "CAN"]
[SourceTitle "EXT 2001"]
[Source "ChessBase"]
[SourceDate "2000.11.22"]
[SourceVersion "1"]
[SourceVersionDate "2000.11.22"]
[SourceQuality "1"]

1. e4 c5 2. Nf3 e6 3. Qe2 Nc6 4. g3 b6 5. Bg2 Bb7 6. O-O g5 7. c3 h5 8. Rd1 Bg7 9. Na3 g4 10. Ne1 Nge7 11. d4 cxd4 12. Nb5 Nc8 13. Nxd4 Ne5 14. f4 gxf3 15. Nexf3 a6 16. Nxe5 Bxe5 17. Nf3 Bd6 18. e5 Bc5+ 19. Kh1 Be7 20. Bf4 b5 21. a4 bxa4 22. Rxa4 Nb6 23. Rad4 a5 24. h4 Qc7 25. c4 a4 26. Rc1 Ra5 27. Rdd1 Rg8 28. Kh2 Ba6 29. Nd2 Rh8 30. Qf3 a3 31. b3 a2 32. Ra1 Ra3 33. Qe4 Nc8 34. Qc2 Qa5 35. Ne4 Na7 36. Bc1 Nc6 37. Bxa3 Bxa3 38. Nf6+ Kf8 39. Nxd7+ Kg7 40. Bxc6 Qc7 41. Qe4 1-0

[Event "Summer op"]
[Site "Toronto CAN"]
[Date "2000.08.19"]
[Round "6"]
[White "Teodoro, Eduardo"]
[Black "Vujic, Branimir"]
[Result "1-0"]
[WhiteElo "2395"]
[BlackElo "2256"]
[PlyCount "85"]
[GameId "2160767911652786"]
[EventDate "2000.08.16"]
[EventType "swiss"]
[EventRounds "9"]
[EventCountry "CAN"]
[SourceTitle "EXT 2001"]
[Source "ChessBase"]
[SourceDate "2000.11.22"]
[SourceVersion "1"]
[SourceVersionDate "2000.11.22"]
[SourceQuality "1"]

1. e4 e6 2. d4 d5 3. Nd2 Nf6 4. e5 Nfd7 5. Bd3 c5 6. c3 Nc6 7. Ne2 cxd4 8. cxd4 f6 9. exf6 Nxf6 10. O-O Bd6 11. Nf3 Qc7 12. Bg5 O-O 13. Rc1 h6 14. Bh4 Ne4 15. Nc3 Bf4 16. Rc2 Ng5 17. Bxg5 hxg5 18. g3 g4 19. Nh4 Bh6 20. a3 Qf7 21. Nb5 a6 22. Nd6 Qf6 23. Ng6 Rd8 24. Nxc8 Raxc8 25. Qxg4 Nxd4 26. Rxc8 Rxc8 27. Ne7+ Qxe7 28. Qxd4 Rc6 29. Re1 Bg5 30. Qe5 Qd8 31. h4 Bf6 32. Qh5 e5 33. Bf5 Kf8 34. Rd1 Rd6 35. g4 e4 36. b4 Qb6 37. g5 Bd4 38. Qh8+ Ke7 39. Kg2 Rd8 40. Qh7 Rf8 41. Rd2 Qd6 42. Bxe4 Be5 43. Bxd5 1-0